00996nam a2200241 u 450000100100000000500170001000800410002702000150006804300120008310000270009524500840012225000120020626000280021830000100024649000290025652003170028565000190060265000230062165000260064465000290067065000260069965000290072500004857420200120222613.0100630s2006 sp a jr 000 j spa d a8466752048 ae-sp---1 aGarcía Montero, Luis01aLa mudanza de Adán /cLuis García Montero; ilustraciones de Javier Serrano. a1a. ed. aMadrid :bAnaya,c2006. a63 p. 0aEspacio de la lecturav4 a"Navidad. Adán está de mudanza. Deja el piso paterno, lleno de recuerdos y añoranzas, y se embarca con sus muebles, sus objetos y su biblioteca hacia un nuevo hogar. Abandona su Edén particular dispuesto a crear uno nuevo, donde los libros sean de nuevo los habitantes silenciosos de las estanterías. "14aCuento juvenil24aLiteratura juvenil24aLiteratura española24aFamilia en la literatura24aAmor en la literatura24aNavidad en la literatura